[Event "Titled Tuesday intern op 28th Mar Early"]
[Site "Chess.com INT"]
[Date "2023.03.28"]
[Round "6"]
[White "Santos, Jose Guilherme B Li"]
[Black "Shkuran, Danylo"]
[Result "0-1"]
[WhiteElo "2375"]
[BlackElo "2329"]
[PlyCount "124"]
[EventDate "2023.03.28"]
[EventType "swiss (blitz)"]
[EventRounds "11"]
[EventCountry "USA"]
[SourceTitle "EXT 2024"]
[Source "ChessBase"]
[SourceDate "2023.10.10"]
[SourceVersion "1"]
[SourceVersionDate "2023.10.10"]
[SourceQuality "1"]

1. e4 e6 2. d4 d5 3. Nd2 c5 4. Bb5+ Bd7 5. Bxd7+ Qxd7 6. exd5 Qxd5 7. Ngf3 cxd4 8. Nb3 Nc6 9. 0-0 Nf6 10. Nbxd4 Nxd4 11. Qxd4 Bc5 12. Qxd5 Nxd5 13. c4 Ne7 14. Bf4 Nf5 15. Rfd1 Ke7 16. a3 a5 17. Rab1 a4 18. b4 axb3 19. Rxb3 b6 20. Bc7 Rxa3 21. Rxa3 Bxa3 22. Bxb6 Rc8 23. g4 Nd6 24. Ra1 Nxc4 25. Bd4 f6 26. g5 e5 27. Re1 Kf7 28. Ba1 Bc5 29. Kg2 Nb6 30. Rc1 Nd5 31. Bb2 Nf4+ 32. Kf1 Nd3 33. Rc2 Rc7 34. Ba3 Bb6 35. Rxc7+ Bxc7 36. gxf6 gxf6 37. Ke2 Nf4+ 38. Ke3 Bb6+ 39. Ke4 Bxf2 40. Nxe5+ fxe5 41. Kxe5 Ng6+ 42. Kf5 Bg1 43. Bc1 Bxh2 44. Bh6 Bd6 45. Kg5 Bf4+ 46. Kf5 Bxh6 47. Kg4 Bg7 48. Kh5 Kf6 49. Kg4 Nf8 50. Kh4 Kg6 51. Kg4 h5+ 52. Kh3 Bf6 53. Kg3 Kg5 54. Kh2 h4 55. Kg2 Kg4 56. Kh1 h3 57. Kg1 Kg3 58. Kh1 Nh7 59. Kg1 Ng5 60. Kh1 Ne4 61. Kg1 h2+ 62. Kh1 Nf2# 0-1

[Event "Titled Tuesday intern op 28th Mar Late"]
[Site "Chess.com INT"]
[Date "2023.03.28"]
[Round "1"]
[White "Shkuran, Danylo"]
[Black "Javakhadze, Zurab"]
[Result "0-1"]
[WhiteElo "2329"]
[BlackElo "2459"]
[PlyCount "90"]
[EventDate "2023.03.28"]
[EventType "swiss (blitz)"]
[EventRounds "11"]
[EventCountry "USA"]
[SourceTitle "EXT 2024"]
[Source "ChessBase"]
[SourceDate "2023.10.10"]
[SourceVersion "1"]
[SourceVersionDate "2023.10.10"]
[SourceQuality "1"]

1. d4 Nf6 2. Nf3 e6 3. g3 b6 4. Bg2 Bb7 5. 0-0 Be7 6. b3 0-0 7. Bb2 c5 8. e3 Nc6 9. c4 cxd4 10. Nxd4 Rc8 11. Nd2 d5 12. Rc1 Nxd4 13. Bxd4 Ba3 14. Rc2 Qe7 15. Qf3 e5 16. Ba1 Rc7 17. Qf5 Re8 18. Nf3 Bd6 19. Rfc1 Bc8 20. Qg5 h6 21. Qh4 Bf5 22. Rd2 Bb4 23. Rdd1 Ba3 24. Bxe5 Bxc1 25. Bxc7 Bxe3 26. Be5 Bxf2+ 27. Kh1 dxc4 28. Bxf6 Qxf6 29. Qxf6 gxf6 30. bxc4 Re2 31. Rd2 Rxd2 32. Nxd2 Kf8 33. Bd5 Ke7 34. Kg2 Be1 35. Ne4 Be6 36. Bxe6 fxe6 37. Kf3 f5 38. Nf2 Bxf2 39. Kxf2 Kd6 40. Ke3 e5 41. Kd3 Kc5 42. Kc3 e4 43. h4 h5 44. a3 a6 45. a4 a5 0-1

[Event "Titled Tuesday intern op 28th Mar Late"]
[Site "Chess.com INT"]
[Date "2023.03.28"]
[Round "4"]
[White "Shkuran, Danylo"]
[Black "Karamsetty, Jeevan"]
[Result "0-1"]
[WhiteElo "2329"]
[BlackElo "2206"]
[PlyCount "72"]
[EventDate "2023.03.28"]
[EventType "swiss (blitz)"]
[EventRounds "11"]
[EventCountry "USA"]
[SourceTitle "EXT 2024"]
[Source "ChessBase"]
[SourceDate "2023.10.10"]
[SourceVersion "1"]
[SourceVersionDate "2023.10.10"]
[SourceQuality "1"]

1. d4 g6 2. c4 Bg7 3. Nc3 d6 4. e4 e5 5. d5 a5 6. Bd3 Na6 7. Be3 Nh6 8. f3 f5 9. Nge2 0-0 10. Qd2 f4 11. Bf2 Bd7 12. a3 Nc5 13. Bxc5 dxc5 14. 0-0-0 a4 15. Rdf1 c6 16. Kb1 Rb8 17. Ka2 b5 18. Qd1 b4 19. Nxa4 Qa5 20. b3 cxd5 21. cxd5 Bxa4 22. bxa4 bxa3 23. Bb5 Nf7 24. Qe1 Rxb5 25. axb5 Qxb5 26. Qc3 Qxe2+ 27. Ka1 Nd6 28. Re1 Qxg2 29. Reg1 Qf2 30. Rf1 Qd4 31. Rc1 Nb5 32. Qxd4 Nxd4 33. Ka2 Nxf3 34. Rxc5 Nd2 35. d6 Nxe4 36. d7 Nxc5 0-1

[Event "Titled Tuesday intern op 28th Mar Early"]
[Site "Chess.com INT"]
[Date "2023.03.28"]
[Round "7"]
[White "Shkuran, Danylo"]
[Black "Sai, Krishna GV"]
[Result "1/2-1/2"]
[WhiteElo "2329"]
[BlackElo "2385"]
[PlyCount "91"]
[EventDate "2023.03.28"]
[EventType "swiss (blitz)"]
[EventRounds "11"]
[EventCountry "USA"]
[SourceTitle "EXT 2024"]
[Source "ChessBase"]
[SourceDate "2023.10.10"]
[SourceVersion "1"]
[SourceVersionDate "2023.10.10"]
[SourceQuality "1"]

1. d4 d5 2. Nc3 Nf6 3. Bg5 c5 4. Nf3 Nc6 5. Bxf6 gxf6 6. e3 e6 7. g3 Qb6 8. Rb1 Bd7 9. Bg2 Qa6 10. Bf1 Qa5 11. Bg2 b5 12. 0-0 b4 13. Ne2 Qxa2 14. Nf4 Qa6 15. dxc5 Bxc5 16. Nxd5 exd5 17. Qxd5 Qb6 18. Nd4 Bxd4 19. exd4 0-0-0 20. Qxf7 Nxd4 21. c3 Ne2+ 22. Kh1 Bc6 23. Qe6+ Kb7 24. Qxe2 Rhe8 25. Qg4 b3 26. Rbd1 Bxg2+ 27. Kxg2 Qc6+ 28. Kg1 a5 29. h4 a4 30. Rfe1 Rxe1+ 31. Rxe1 Rd2 32. Qg7+ Ka6 33. Qxh7 Rxb2 34. Qd3+ Ka5 35. Re4 a3 36. Qd4 Rb1+ 37. Kh2 Qxe4 38. Qxe4 a2 39. Qd5+ Ka6 40. Qc6+ Ka5 41. Qc5+ Ka6 42. Qc6+ Ka7 43. Qc7+ Ka8 44. Qc8+ Ka7 45. Qc7+ Ka6 46. Qc6+ 1/2-1/2

[Event "Titled Tuesday intern op 25th Oct Early"]
[Site "Chess.com INT"]
[Date "2022.10.25"]
[Round "8"]
[White "Shkuran, Danylo"]
[Black "Kucuksari, Kaan"]
[Result "1/2-1/2"]
[WhiteElo "2324"]
[BlackElo "2482"]
[PlyCount "177"]
[EventDate "2022.10.25"]
[EventType "swiss (blitz)"]
[EventRounds "11"]
[EventCountry "USA"]
[SourceTitle "EXT 2024"]
[Source "ChessBase"]
[SourceDate "2023.10.10"]
[SourceVersion "1"]
[SourceVersionDate "2023.10.10"]
[SourceQuality "1"]

1. d4 Nf6 2. c4 g6 3. Nc3 d5 4. Bf4 Bg7 5. e3 0-0 6. Nf3 c5 7. Be2 cxd4 8. Nxd4 dxc4 9. Bxc4 Nbd7 10. Nf3 Qb6 11. Qb3 Nc5 12. Qxb6 axb6 13. 0-0 Be6 14. Bxe6 Nxe6 15. Be5 Rfd8 16. Rfd1 Nd7 17. Bxg7 Kxg7 18. Nd5 Kf8 19. a3 Rac8 20. Rac1 Rc6 21. Nb4 Rxc1 22. Rxc1 Ndc5 23. Kf1 Nd3 24. Nxd3 Rxd3 25. Ke2 Rb3 26. Rc2 f6 27. Nd2 Rb5 28. b4 Rh5 29. h3 Rg5 30. g3 Rd5 31. Nc4 b5 32. Na5 b6 33. Nb3 Ke8 34. Rc6 Rd6 35. Rxd6 exd6 36. Kd3 Kd7 37. Nd4 Nc7 38. e4 Ke7 39. f4 Kd7 40. g4 Ke7 41. f5 g5 42. Nc2 d5 43. Ne3 Kd6 44. Kd4 dxe4 45. Kxe4 Ne8 46. Nc2 Nc7 47. Nd4 Kd7 48. Nf3 Kc6 49. Nd4+ Kd6 50. Nf3 Nd5 51. Nd4 Nf4 52. Nxb5+ Kd7 53. Nc3 Nxh3 54. Nd5 Nf2+ 55. Kf3 Nd3 56. Nxf6+ Kd6 57. Nxh7 Ne5+ 58. Kg3 Nf7 59. a4 Kd5 60. a5 b5 61. a6 Kc6 62. Nxg5 Nxg5 63. Kf4 Nh3+ 64. Ke5 Kb6 65. g5 Nxg5 66. f6 Kxa6 67. Kf5 Nf7 68. Ke6 Nh6 69. f7 Nxf7 70. Kxf7 Kb7 71. Ke6 Kc7 72. Kd5 Kb6 73. Kd6 Kb7 74. Kc5 Kc7 75. Kxb5 Kb7 76. Ka5 Ka7 77. Kb5 Kb7 78. Kc5 Kc7 79. Kd5 Kb6 80. Kc4 Kc6 81. b5+ Kb6 82. Kb4 Kb7 83. Kc5 Kc7 84. b6+ Kb7 85. Kb5 Kb8 86. Ka5 Kb7 87. Kb5 Kb8 88. Kc5 Kb7 89. Kb5 1/2-1/2

[Event "Titled Tuesday intern op 25th Oct Early"]
[Site "Chess.com INT"]
[Date "2022.10.25"]
[Round "10"]
[White "Shkuran, Danylo"]
[Black "Mesa Cruz, Juan Carlos"]
[Result "1-0"]
[WhiteElo "2324"]
[BlackElo "2159"]
[PlyCount "121"]
[EventDate "2022.10.25"]
[EventType "swiss (blitz)"]
[EventRounds "11"]
[EventCountry "USA"]
[SourceTitle "EXT 2024"]
[Source "ChessBase"]
[SourceDate "2023.10.10"]
[SourceVersion "1"]
[SourceVersionDate "2023.10.10"]
[SourceQuality "1"]

1. d4 Nf6 2. c4 e6 3. g4 Nxg4 4. e4 Bb4+ 5. Bd2 Qh4 6. Qe2 Bxd2+ 7. Nxd2 Nc6 8. Ngf3 Qh5 9. e5 b6 10. Bg2 Bb7 11. Ne4 Nh6 12. 0-0-0 Nf5 13. Ng3 Qg6 14. Bh3 Qh6+ 15. Kb1 Qxh3 16. d5 Nxg3 17. hxg3 Qf5+ 18. Ka1 Nb4 19. Nd4 Qg6 20. a3 Na6 21. Nb5 0-0 22. Rd4 exd5 23. cxd5 c6 24. Nd6 Rab8 25. Nxb7 Rxb7 26. Qxa6 Rc7 27. d6 Rcc8 28. Qxa7 Qe6 29. f4 c5 30. Rd2 Qb3 31. Qxd7 Ra8 32. Qf5 g6 33. Qh3 h5 34. g4 Qxh3 35. Rxh3 hxg4 36. Rg3 Ra4 37. Rxg4 c4 38. f5 Ra5 39. fxg6 fxg6 40. Rxg6+ Kf7 41. Rf6+ Ke8 42. Rxf8+ Kxf8 43. e6 Ke8 44. d7+ Kd8 45. Rg2 Ke7 46. Rg7+ Kxe6 47. d8Q c3 48. Qe7+ Kd5 49. bxc3 Rc5 50. Kb2 Kc4 51. Qxc5+ Kxc5 52. Rg4 Kb5 53. Kb3 Ka6 54. a4 Kb7 55. Kb4 Ka6 56. Rg6 Kb7 57. Kb5 Ka7 58. Rxb6 Ka8 59. Kc6 Ka7 60. Kc7 Ka8 61. Ra6# 1-0

[Event "Tudoriv Stadnyk Memorial"]
[Site "Tudoriv"]
[Date "2021.12.09"]
[Round "10"]
[White "Shkuran, Danylo"]
[Black "Sharapov, Evgeny"]
[Result "1/2-1/2"]
[WhiteElo "2349"]
[BlackElo "2380"]
[PlyCount "64"]
[EventDate "2021.12.05"]
[EventType "tourn"]
[EventRounds "10"]
[EventCountry "UKR"]
[EventCategory "2"]
[SourceTitle "CBM 205 Extra"]
[Source "ChessBase"]
[SourceDate "2022.01.31"]
[SourceVersion "1"]
[SourceVersionDate "2022.01.31"]
[SourceQuality "1"]

1. e4 c5 2. Nf3 d6 3. d4 cxd4 4. Nxd4 Nf6 5. Nc3 Nc6 6. g3 g6 7. Nde2 b6 8. Bg2 Bb7 9. 0-0 Bg7 10. h3 0-0 11. Be3 Rc8 12. Qd2 Qc7 13. Rac1 Qb8 14. Nd5 e6 15. Nxf6+ Bxf6 16. c4 Rfd8 17. Bg5 Bxg5 18. Qxg5 Qc7 19. Rfd1 Qe7 20. Qe3 Ne5 21. b3 Qc7 22. Rd2 Qc5 23. Rcd1 Qxe3 24. fxe3 Kf8 25. Rxd6 Rxd6 26. Rxd6 Ke7 27. Rd2 a6 28. Nd4 g5 29. Kf2 h6 30. Ke2 Nd7 31. Bf3 Ne5 32. Bg2 Nd7 1/2-1/2

[Event "Tudoriv Stadnyk Memorial"]
[Site "Tudoriv"]
[Date "2021.12.08"]
[Round "7"]
[White "Shkuran, Danylo"]
[Black "Hulka, Valentyn"]
[Result "1/2-1/2"]
[WhiteElo "2349"]
[BlackElo "2182"]
[PlyCount "56"]
[EventDate "2021.12.05"]
[EventType "tourn"]
[EventRounds "10"]
[EventCountry "UKR"]
[EventCategory "2"]
[SourceTitle "CBM 205 Extra"]
[Source "ChessBase"]
[SourceDate "2022.01.31"]
[SourceVersion "1"]
[SourceVersionDate "2022.01.31"]
[SourceQuality "1"]

1. e4 e5 2. Nf3 Nc6 3. Bb5 a6 4. Ba4 Nf6 5. Qe2 Be7 6. c3 b5 7. Bb3 d6 8. 0-0 0-0 9. Rd1 Na5 10. Bc2 c5 11. d3 Re8 12. Nbd2 Nc6 13. Nf1 h6 14. Ng3 Bf8 15. Bd2 Rb8 16. h3 d5 17. exd5 Nxd5 18. Nh2 Bb7 19. Nf5 Qf6 20. Qh5 Bc8 21. Ng3 g6 22. Qe2 Qe7 23. Bb3 Nf6 24. Ne4 Nxe4 25. dxe4 c4 26. Bc2 Be6 27. Ng4 h5 28. Ne3 Nd4 1/2-1/2

[Event "Lvov Tradition 02 Friedman Memorial"]
[Site "Lvov"]
[Date "2020.02.18"]
[Round "3"]
[White "Shkuran, Danylo"]
[Black "Kowalski, Igor"]
[Result "0-1"]
[WhiteElo "2329"]
[BlackElo "2332"]
[PlyCount "200"]
[EventDate "2020.02.17"]
[EventType "tourn"]
[EventRounds "9"]
[EventCountry "UKR"]
[SourceTitle "CBM 195 Extra"]
[Source "ChessBase"]
[SourceDate "2020.05.31"]
[SourceVersion "1"]
[SourceVersionDate "2020.05.31"]
[SourceQuality "1"]

1. e4 d6 2. d4 Nf6 3. Nc3 g6 4. g3 Bg7 5. Bg2 0-0 6. Nge2 e5 7. h3 a6 8. 0-0 Nc6 9. Be3 Nd7 10. f4 exf4 11. gxf4 Nb6 12. f5 Re8 13. fxg6 hxg6 14. b3 Qh4 15. Nf4 Ne7 16. Qf3 Rf8 17. Rae1 c6 18. Kh2 Bd7 19. Bf2 Qh8 20. Nce2 Rae8 21. Qg3 d5 22. exd5 Nf5 23. Qc3 Nxd5 24. Nxd5 cxd5 25. Ng3 Nxd4 26. Rxe8 Rxe8 27. Qc7 Be6 28. Qxb7 Be5 29. Qxa6 Nf5 30. Qd3 Rc8 31. c4 dxc4 32. bxc4 Bxc4 33. Rc1 Qh4 34. Qf3 Rd8 35. Qg4 Bxa2 36. Qxh4 Nxh4 37. Rc2 Be6 38. Be4 Rd1 39. Rc5 Bd6 40. Rc3 Be5 41. Rd3 Ra1 42. Rd2 Ra4 43. Bc6 Ra3 44. Re2 Bf4 45. Be4 Kh7 46. Rb2 Kh6 47. Re2 Rb3 48. Bc2 Rc3 49. Be4 Nf3+ 50. Bxf3 Rxf3 51. Be1 g5 52. Bf2 Kg6 53. Be1 Rd3 54. Bf2 Bd5 55. Be1 Ra3 56. Bf2 Ra1 57. Be1 Bc6 58. Rc2 Bb7 59. Re2 Ba8 60. Re8 Bf3 61. Rg8+ Kh7 62. Rh8+ Kxh8 63. Bc3+ Kh7 64. Bxa1 Kg6 65. Bd4 Bd6 66. Bf2 f5 67. Kg1 f4 68. Nf1 Bb4 69. Nh2 Bh5 70. Kg2 Kf5 71. Nf3 Be7 72. Nd2 Bf7 73. Bb6 Be6 74. Ba7 Ke5 75. Bb8+ Kf5 76. Ba7 Bd8 77. Bd4 Bd5+ 78. Kf2 Bc6 79. Ba7 Ke6 80. Nf3 Kd5 81. Nd2 Bf6 82. Bb6 Bd7 83. Kg2 Bf5 84. Ba7 Bc2 85. Bb6 Kc6 86. Ba7 Bf5 87. Bb8 Bc3 88. Nf3 Be4 89. Kf2 Bf6 90. Ba7 Kd5 91. Nd2 Bd4+ 92. Bxd4 Kxd4 93. Nf1 Bc6 94. Nh2 Ke5 95. Nf1 Bd7 96. Kg2 Ke4 97. Nd2+ Ke3 98. Nc4+ Ke2 99. Ne5 Be6 100. Kh2 f3 0-1

[Event "Mukachevo Rating 41st"]
[Site "Mukachevo"]
[Date "2019.10.04"]
[Round "6"]
[White "Shkuran, Danylo"]
[Black "Petrovskiy, Vadim1111"]
[Result "1-0"]
[WhiteElo "2343"]
[BlackElo "2197"]
[PlyCount "79"]
[EventDate "2019.10.01"]
[EventType "tourn"]
[EventRounds "9"]
[EventCountry "UKR"]
[SourceTitle "EXT 2020"]
[Source "ChessBase"]
[SourceDate "2019.10.17"]
[SourceVersion "1"]
[SourceVersionDate "2019.10.17"]
[SourceQuality "1"]

1. e4 c5 2. Nf3 Nc6 3. Nc3 d6 4. d4 cxd4 5. Nxd4 Nf6 6. g3 g6 7. Bg2 Bd7 8. 0-0 Bg7 9. Nde2 0-0 10. a4 Rc8 11. h3 a6 12. Be3 b6 13. Nd5 Rb8 14. c3 Ne5 15. Bd4 Re8 16. Nxf6+ exf6 17. Nf4 f5 18. exf5 Bxf5 19. Re1 b5 20. axb5 Rxb5 21. b4 Qc8 22. Kh2 Bd7 23. Qa4 a5 24. bxa5 Rb1 25. Rexb1 Bxa4 26. Rxa4 Qf5 27. Rab4 g5 28. Rb8 Rf8 29. Nh5 Nf3+ 30. Bxf3 Bxd4 31. Kg2 Ba7 32. R8b5 Bc5 33. R1b2 Qe5 34. c4 Re8 35. Bd5 h6 36. Rb7 Rf8 37. a6 Kh7 38. Ra2 Bd4 39. a7 Qe1 40. Rb8 1-0

[Event "Mukachevo Rating 41st"]
[Site "Mukachevo"]
[Date "2019.10.03"]
[Round "5"]
[White "Tiba, Vladyslav"]
[Black "Shkuran, Danylo"]
[Result "1/2-1/2"]
[WhiteElo "2360"]
[BlackElo "2343"]
[PlyCount "30"]
[EventDate "2019.10.01"]
[EventType "tourn"]
[EventRounds "9"]
[EventCountry "UKR"]
[SourceTitle "EXT 2020"]
[Source "ChessBase"]
[SourceDate "2019.10.17"]
[SourceVersion "1"]
[SourceVersionDate "2019.10.17"]
[SourceQuality "1"]

1. e4 e5 2. Nf3 Nc6 3. Bb5 a6 4. Ba4 Nf6 5. 0-0 d6 6. Re1 Be7 7. c3 b5 8. Bb3 0-0 9. h3 Bb7 10. d4 Re8 11. Ng5 Rf8 12. Nf3 Re8 13. Ng5 Rf8 14. Nf3 Re8 15. Ng5 Rf8 1/2-1/2